000
00299nam a2200121Ia 4500
008
190216s9999||||xx |||||||||||||| ||und||
100
_a
Bhawan S Gidwani
245
4
_a
The Sword Of Tipu Sulthn
260
_b
Allied Publishers Limited
_c
1990
300
_a
372
650
_a
English Essay
942
_c
BK
999
_c
13321
_d
13321